000 00762nam a2200229Ia 4500
003 GCL
008 140319s9999 xx 000 0 ara d
020 _a2385979977
040 _aGCL /
_cGCL
082 0 4 _a219.3
_bو م
100 1 _aوليد طوغان
245 1 0 _aمدعو النبوة فى التاريخ الاسلامى /
_cوليد طوغان
250 _aالاولى
260 _aالقاهرة :
_bدار الخيال ،
_c2004
300 _a219 ص ؛
_c24 سم
650 0 4 _aالتاريخ الاسلامى
650 0 4 _aالاسلام - تاريخ
650 0 4 _aالاسلام - دفع مطاعن
650 0 4 _aالاسلام والسياسة
650 0 4 _aالاسلام وقضايا الاصلاح السياسى
942 _2ddc
_cBK
999 _c57600
_d57600